Normal view
MARC view
Entry Personal Name
001 - CONTROL NUMBER
- control field: 45134
003 - CONTROL NUMBER IDENTIFIER
- control field: ARRUPE
005 - DATE AND TIME OF LATEST TRANSACTION
- control field: 20190307122917.0
008 - FIXED-LENGTH DATA ELEMENTS
- fixed length control field: 190307|| aca||aabn | a|a d
040 ## - CATALOGING SOURCE
- Original cataloging agency: ARRUPE
- Transcribing agency: ARRUPE
100 ## - HEADING--PERSONAL NAME
- Personal name: Portner, Claus C
670 ## - SOURCE DATA FOUND
- Source citation: Work cat.: (ARRUPE)129156: Canagarajah, Sudharshan 45080, Evolution of poverty and welfare in Ghana in the 1990s, 2003